[Event "Durban CC-ch B"]
[Site "Durban"]
[Date "2019.05.09"]
[Round "8.2"]
[White "Millard, Chad"]
[Black "Govender, Kaedan"]
[Result "1-0"]
[WhiteElo "1559"]
[BlackElo "1393"]
[PlyCount "73"]
[EventDate "2019.03.14"]
[EventType "tourn"]
[EventRounds "9"]
[EventCountry "RSA"]
[SourceTitle "EXT 2024"]
[Source "ChessBase"]
[SourceDate "2023.10.10"]
[SourceVersion "1"]
[SourceVersionDate "2023.10.10"]
[SourceQuality "1"]

1. d4 Nf6 2. c4 g6 3. Nc3 Bg7 4. e4 d6 5. Bg5 Nbd7 6. Be2 c5 7. d5 h6 8. Be3 Qa5 9. Qd2 a6 10. f4 Rb8 11. Nf3 Ng4 12. 0-0 0-0 13. h3 Nxe3 14. Qxe3 Qc7 15. Bd3 Nb6 16. e5 e6 17. exd6 Qxd6 18. Ne4 Qd8 19. d6 Na4 20. Nxc5 Nxb2 21. Rab1 Qxd6 22. Be2 b6 23. Ne4 Qc7 24. Qb3 b5 25. cxb5 axb5 26. Rxb2 Bxb2 27. Qxb2 Rd8 28. Nf6+ Kf8 29. Ne5 Qd6 30. Rc1 Rb7 31. Nc6 Rc7 32. Nd5 Kg8 33. Nxc7 Rd7 34. Nxb5 Qxf4 35. Ne7+ Kh7 36. Rxc8 g5 37. Qh8# 1-0

[Event "Durban CC-ch B"]
[Site "Durban"]
[Date "2019.04.04"]
[Round "4.4"]
[White "Millard, Chad"]
[Black "Zuma, Mbusiswa"]
[Result "1-0"]
[WhiteElo "1559"]
[BlackElo "1720"]
[PlyCount "53"]
[EventDate "2019.03.14"]
[EventType "tourn"]
[EventRounds "9"]
[EventCountry "RSA"]
[SourceTitle "EXT 2024"]
[Source "ChessBase"]
[SourceDate "2023.10.10"]
[SourceVersion "1"]
[SourceVersionDate "2023.10.10"]
[SourceQuality "1"]

1. d4 Nf6 2. c4 e5 3. e3 e4 4. Nc3 c6 5. Bd2 d5 6. Qb3 b6 7. Rc1 Be6 8. cxd5 cxd5 9. Nb5 Bd6 10. Bb4 Ke7 11. Bxd6+ Ke8 12. Nc7+ Kd7 13. Bb5+ Nc6 14. Bxc6+ Kxd6 15. Bxa8 Nd7 16. Qb4+ Nc5 17. dxc5+ Kxc7 18. cxb6+ Kb8 19. Bc6 Qxb6 20. Qxb6+ axb6 21. Ne2 f6 22. Nf4 Bc8 23. 0-0 f5 24. Rfd1 g5 25. Nxd5 Be6 26. Nxb6 Bxa2 27. Bd5 1-0

[Event "World ol U16"]
[Site "Ahmedabad"]
[Date "2017.12.13"]
[Round "4.3"]
[White "Tarigan, Gilbert Elroy"]
[Black "Millard, Chad"]
[Result "1/2-1/2"]
[WhiteElo "2091"]
[BlackElo "1510"]
[PlyCount "100"]
[EventDate "2017.12.11"]
[EventType "team-swiss"]
[EventRounds "9"]
[EventCountry "IND"]
[SourceTitle "CBM 182 Extra"]
[Source "ChessBase"]
[SourceDate "2018.02.23"]
[SourceVersion "1"]
[SourceVersionDate "2018.02.23"]
[SourceQuality "1"]
[WhiteTeam "Indonesia"]
[BlackTeam "South Africa II"]
[WhiteTeamCountry "INA"]
[BlackTeamCountry "RSA"]

1. d4 d5 2. Nf3 Nf6 3. g3 c5 4. Bg2 Nc6 5. 0-0 Bf5 6. c4 e6 7. Nc3 Be4 8. cxd5 Bxd5 9. Nxd5 Nxd5 10. a3 a6 11. dxc5 Bxc5 12. b4 Ba7 13. Bb2 0-0 14. e4 Nde7 15. Qe2 b5 16. Rad1 Qb6 17. Bc3 Rfd8 18. Qb2 Rxd1 19. Rxd1 Rd8 20. Rxd8+ Qxd8 21. Bf1 Qb6 22. h4 Qc7 23. Kg2 f6 24. Qb3 Kf7 25. a4 Qb6 26. Be1 Nd4 27. Qd1 Nxf3 28. Kxf3 Qc6 29. axb5 axb5 30. Qe2 Nf5 31. Kg2 Nd4 32. Qd3 f5 33. f3 Qc2+ 34. Bf2 Qxd3 35. Bxd3 Kf6 36. f4 h6 37. h5 Nc6 38. Be1 fxe4 39. Bxe4 Nd4 40. g4 e5 41. Bh4+ Ke6 42. f5+ Kd6 43. f6 gxf6 44. Bxf6 Ne6 45. g5 Nf4+ 46. Kf3 Nxh5 47. gxh6 Nxf6 48. h7 Nxh7 49. Bxh7 Kd5 50. Bd3 Bd4 1/2-1/2

[Event "South African op"]
[Site "Durban"]
[Date "2017.07.16"]
[Round "4"]
[White "Saffier, Jannie"]
[Black "Millard, Chad"]
[Result "0-1"]
[WhiteElo "1947"]
[BlackElo "1377"]
[PlyCount "84"]
[EventDate "2017.07.14"]
[EventType "swiss"]
[EventRounds "11"]
[EventCountry "RSA"]
[SourceTitle "EXT 2018"]
[Source "ChessBase"]
[SourceDate "2017.10.13"]
[SourceVersion "1"]
[SourceVersionDate "2017.10.13"]
[SourceQuality "1"]

1. c4 c6 2. Nc3 d5 3. cxd5 cxd5 4. d4 Nc6 5. Bf4 Nf6 6. e3 Bf5 7. Bd3 Bxd3 8. Qxd3 a6 9. Nf3 e6 10. 0-0 Bd6 11. Bg5 0-0 12. Rfe1 Bb4 13. Rac1 h6 14. Bh4 Re8 15. Ne5 g5 16. Nxc6 bxc6 17. Bg3 Ne4 18. f3 Nxc3 19. bxc3 Bd6 20. Bxd6 Qxd6 21. Rb1 c5 22. e4 dxe4 23. fxe4 Red8 24. e5 Qd5 25. Re4 Qxa2 26. Rf1 cxd4 27. cxd4 Rab8 28. Qf3 Rd7 29. h4 Rb1 30. hxg5 Rxf1+ 31. Qxf1 hxg5 32. Qc1 Kf8 33. Rg4 Qa4 34. Kh2 Qb4 35. Qxg5 Rxd4 36. Qh6+ Ke8 37. Rg8+ Kd7 38. Qe3 Qd2 39. Qxd2 Rxd2 40. Ra8 Ra2 41. Ra7+ Ke8 42. Ra8+ Ke7 0-1

[Event "RSA-ch U16"]
[Site "Gauteng"]
[Date "2017.04.05"]
[Round "1"]
[White "Hadebe, Sandile"]
[Black "Millard, Chad"]
[Result "0-1"]
[WhiteElo "1531"]
[BlackElo "1203"]
[PlyCount "59"]
[EventDate "2017.04.05"]
[EventType "swiss"]
[EventRounds "11"]
[EventCountry "RSA"]
[SourceTitle "CBM 177 Extra"]
[Source "ChessBase"]
[SourceDate "2017.04.27"]
[SourceVersion "1"]
[SourceVersionDate "2017.04.27"]
[SourceQuality "1"]

1. e4 e6 2. d4 d5 3. Nc3 Bb4 4. e5 c5 5. a3 Bxc3+ 6. bxc3 Ne7 7. Qg4 Nf5 8. Bd3 h5 9. Qf3 Nc6 10. Bxf5 exf5 11. Ne2 Be6 12. Qg3 Rg8 13. Nf4 h4 14. Qe3 g5 15. Nh5 Rg6 16. Nf6+ Ke7 17. a4 Qb6 18. Ba3 Qa5 19. Bxc5+ Kd8 20. Qd2 Nxe5 21. Bb4 Qc7 22. Nxd5 Bxd5 23. dxe5 Qxe5+ 24. Kd1 Kc7 25. Re1 Be4 26. Qe2 Qd5+ 27. Kc1 Re6 28. Qh5 Rg6 29. f3 a5 30. fxe4 0-1

[Event "RSA-ch U14"]
[Site "Bloemfontein"]
[Date "2016.03.23"]
[Round "6"]
[White "Millard, Chad"]
[Black "Malan, Jacques"]
[Result "1-0"]
[WhiteElo "1151"]
[BlackElo "1450"]
[PlyCount "122"]
[EventDate "2016.03.20"]
[EventType "swiss"]
[EventRounds "11"]
[EventCountry "RSA"]
[SourceTitle "CBM 171 Extra"]
[Source "ChessBase"]
[SourceDate "2016.04.26"]
[SourceVersion "1"]
[SourceVersionDate "2016.04.26"]
[SourceQuality "1"]

1. d4 Nf6 2. Bg5 e6 3. c4 h6 4. Bh4 g5 5. Bg3 d5 6. e3 c5 7. Nf3 cxd4 8. Nxd4 Ne4 9. a3 Qa5+ 10. Nd2 Nxd2 11. Qxd2 Qxd2+ 12. Kxd2 Bg7 13. cxd5 exd5 14. Bb5+ Bd7 15. Rac1 Bxb5 16. Nxb5 Na6 17. Nc7+ Nxc7 18. Rxc7 b6 19. Bd6 Rd8 20. Bb4 a5 21. Bc3 0-0 22. Bxg7 Kxg7 23. Rhc1 d4 24. e4 Rd6 25. R1c6 Rfd8 26. Rxd6 Rxd6 27. Rc4 Kf6 28. Kd3 Ke5 29. f3 h5 30. Rc8 h4 31. g3 hxg3 32. hxg3 Rf6 33. Re8+ Re6 34. Rxe6+ fxe6 35. a4 Kd6 36. Kxd4 e5+ 37. Kc4 Kc6 38. b3 Kd6 39. Kb5 Kc7 40. b4 axb4 41. Kxb4 Kb7 42. Kb5 Kc7 43. a5 bxa5 44. Kxa5 Kc6 45. Kb4 Kb6 46. Kc4 Kc6 47. g4 Kd6 48. Kb5 Kd7 49. Kc5 Ke6 50. Kc6 Ke7 51. Kd5 Kf6 52. Kd6 Kf7 53. Kxe5 Ke7 54. Kf5 Kd6 55. Kxg5 Ke5 56. f4+ Ke6 57. Kg6 Ke7 58. Kg7 Ke6 59. f5+ Ke5 60. f6 Kf4 61. f7 Ke5 1-0

[Event "RSA-chT U14"]
[Site "Cape Town"]
[Date "2016.01.05"]
[Round "3.4"]
[White "Millard, Chad"]
[Black "Leenaerts, Evan"]
[Result "1-0"]
[WhiteElo "1447"]
[BlackElo "1026"]
[PlyCount "49"]
[EventDate "2016.01.04"]
[EventType "team-tourn"]
[EventRounds "7"]
[EventCountry "RSA"]
[SourceTitle "CBM 170 Extra"]
[Source "ChessBase"]
[SourceDate "2016.02.25"]
[SourceVersion "1"]
[SourceVersionDate "2016.02.25"]
[SourceQuality "1"]
[WhiteTeam "Ethekwini"]
[BlackTeam "Ekurhuleni"]
[WhiteTeamCountry "RSA"]
[BlackTeamCountry "RSA"]

1. d4 d5 2. Bf4 Nf6 3. e3 Nc6 4. c4 e6 5. Nc3 Bb4 6. Nf3 Ne4 7. Qc2 0-0 8. Bd3 e5 9. dxe5 Bf5 10. 0-0 Bxc3 11. bxc3 h6 12. cxd5 Qxd5 13. c4 Qxd3 14. Qxd3 Ng3 15. Qb3 Nxf1 16. Rxf1 Na5 17. Qc3 b6 18. Nd4 Bd7 19. c5 Rac8 20. e6 fxe6 21. c6 Be8 22. Nxe6 Rf7 23. Rd1 Bxc6 24. h3 Bd7 25. Nd4 1-0

[Event "RSA-ch U14"]
[Site "Waterkloof"]
[Date "2015.04.08"]
[Round "7"]
[White "Millard, Chad"]
[Black "Van der Westhuizen, Donald"]
[Result "0-1"]
[WhiteElo "1125"]
[BlackElo "1483"]
[PlyCount "79"]
[EventDate "2015.04.04"]
[EventType "swiss"]
[EventRounds "9"]
[EventCountry "RSA"]
[SourceTitle "CBM 166 Extra"]
[Source "ChessBase"]
[SourceDate "2015.06.18"]
[SourceVersion "1"]
[SourceVersionDate "2015.06.18"]
[SourceQuality "1"]

1. d4 Nf6 2. Bf4 c5 3. dxc5 Na6 4. Nc3 Nxc5 5. Nf3 Qb6 6. Rb1 Nce4 7. Nxe4 Nxe4 8. Nd4 Qa5+ 9. c3 e5 10. Nb3 Qc7 11. Bg3 Nxg3 12. hxg3 g6 13. e3 Qd6 14. Bc4 Qxd1+ 15. Rxd1 b6 16. 0-0 Bb7 17. Bb5 Rd8 18. Rd3 a6 19. Bc4 Be7 20. Rfd1 Bc6 21. a3 a5 22. Nd2 d5 23. Ba2 e4 24. Nxe4 dxe4 25. Rxd8+ Bxd8 26. Rd6 Ba8 27. Bb1 0-0 28. Rd4 Bf6 29. Rd6 Bd8 30. Rd4 Re8 31. Rd7 Bc6 32. Rd6 Bb5 33. Rd4 f5 34. Ba2+ Kf8 35. Rd5 Ba6 36. Rd7 Be7 37. Ra7 Bc8 38. Rc7 Rd8 39. Kh2 Bd7 40. b4 0-1

[Event "RSA-ch U14"]
[Site "Waterkloof"]
[Date "2015.04.07"]
[Round "5"]
[White "Blows, Kian"]
[Black "Millard, Chad"]
[Result "0-1"]
[WhiteElo "1039"]
[BlackElo "1125"]
[PlyCount "62"]
[EventDate "2015.04.04"]
[EventType "swiss"]
[EventRounds "9"]
[EventCountry "RSA"]
[SourceTitle "CBM 166 Extra"]
[Source "ChessBase"]
[SourceDate "2015.06.18"]
[SourceVersion "1"]
[SourceVersionDate "2015.06.18"]
[SourceQuality "1"]

1. e4 e6 2. d4 d5 3. e5 c5 4. c3 Nc6 5. Nf3 Qb6 6. Bd3 Bd7 7. 0-0 cxd4 8. cxd4 Nxd4 9. Be3 Nxf3+ 10. Qxf3 Qxb2 11. Nd2 Qxe5 12. Bf4 Qf6 13. Rab1 Bc6 14. Rxb7 Ne7 15. Rbb1 e5 16. Be3 Qxf3 17. gxf3 Ng6 18. Bb5 Bxb5 19. Rxb5 d4 20. Bxd4 exd4 21. Re1+ Be7 22. Nc4 0-0 23. Na5 a6 24. Rd5 Bb4 25. Rd1 Bxa5 26. Rxa5 Rfd8 27. Kf1 d3 28. Ke1 Rd6 29. Rd2 Re8+ 30. Kd1 Rb8 31. Kc1 Rc6+ 0-1